<?xml version="1.0" encoding="UTF-8"?>
<collection xmlns="http://www.loc.gov/MARC21/slim">
 <record>
  <leader>00617pamaa2200181   4500</leader>
  <controlfield tag="001">0000036893</controlfield>
  <controlfield tag="005">20041201090000.0</controlfield>
  <datafield tag="020" ind1="0" ind2="0">
   <subfield code="a">1861006195 (pbk) </subfield>
  </datafield>
  <datafield tag="090" ind1="0" ind2="0">
   <subfield code="a">005.276 </subfield>
   <subfield code="b">BEG</subfield>
  </datafield>
  <datafield tag="245" ind1="1" ind2="0">
   <subfield code="a">BEGGINNING ASP.NET Database using VB.NET : </subfield>
   <subfield code="b">written and tested for final release of .NET v1.0  </subfield>
   <subfield code="c">John Kauffman... [et al.]...</subfield>
  </datafield>
  <datafield tag="260" ind1="0" ind2="0">
   <subfield code="a">Indianapolis: </subfield>
   <subfield code="b">Wiley Publishing Inc., </subfield>
   <subfield code="c">2002.</subfield>
  </datafield>
  <datafield tag="300" ind1=" " ind2=" ">
   <subfield code="a">vii, 459p.: </subfield>
   <subfield code="b">ill.; </subfield>
   <subfield code="c">24 cm.</subfield>
  </datafield>
  <datafield tag="650" ind1="0" ind2="0">
   <subfield code="a">ASP </subfield>
  </datafield>
  <datafield tag="700" ind1="1" ind2="1">
   <subfield code="a">KAUFFMAN, </subfield>
   <subfield code="h">John </subfield>
  </datafield>
  <datafield tag="700" ind1="1" ind2="1">
   <subfield code="a">FERRACCHIATI, </subfield>
   <subfield code="h">Fabio Claudio </subfield>
  </datafield>
  <datafield tag="700" ind1="1" ind2="1">
   <subfield code="a">MATSIK, </subfield>
   <subfield code="h">Brian </subfield>
  </datafield>
  <datafield tag="700" ind1="1" ind2="1">
   <subfield code="a">MINTZ, </subfield>
   <subfield code="h">Eric N. </subfield>
  </datafield>
  <datafield tag="901" ind1=" " ind2=" ">
   <subfield code="u">http://wrox.com/books/076454375X.shtml</subfield>
  </datafield>
 </record>
</collection>
